00802cam a22002293a 45000010005000000030006000050050017000110080041000280400015000690420007000840500007000911000033000982450163001312600029002945060030003235160020003536530031003736530050004046530049004548300028005038560041005318136PGUSA20140828083152.0050501s2005||||xxu|||||s|||||000 | eng d aPGUSAbeng adc 4aPR1 aGodden, G. M.q(Gertrude M.)10aHenry Fielding :ba Memoir : Including Newly Discovered Letters and Records with Illustrations from Contemporary Printsh[electronic resource] /cG. M. Godden bProject Gutenberg,c2005 aPublic domain in the USA. aElectronic text aFielding, Henry, 1707-1754 aAuthors, English -- 18th century -- Biography aFielding, Henry, 1707-1754 -- Correspondence 0aProject Gutenbergv813640uhttp://www.gutenberg.org/ebooks/8136